000 00484nam a22001937a 4500
003 MPLRDC
005 20220104155013.0
008 210129b ||||| |||| 00| 0 eng d
020 _a962-257-395-9
082 _a848.3 YS v.196
100 _a亦舒
245 _a手倦抛书午夜长
_c
250 _a初版
260 _a香港
_b天地图书有限公司
_c2000
300 _b
490 _a亦舒系列, 小说; 196
650 _a现代别集
942 _cBK
_o848.3 YS v.196
999 _c54270
_d54260